MARC details
| 000 -CABECERA |
| campo de control de longitud fija |
02137nam a2200385 a 4500 |
| 003 - IDENTIFICADOR DEL NÚMERO DE CONTROL |
| campo de control |
Mxchpua |
| 005 - FECHA Y HORA DE LA ÚLTIMA TRANSACCIÓN |
| campo de control |
20240527182927.0 |
| 007 - CAMPO FIJO DE DESCRIPCIÓN FÍSICA--INFORMACIÓN GENERAL |
| campo de control de longitud fija |
ta |
| 008 - DATOS DE LONGITUD FIJA--INFORMACIÓN GENERAL |
| campo de control de longitud fija |
240527s2023 mx abdofs|||| 001 0 spa d |
| 040 ## - FUENTE DE LA CATALOGACIÓN |
| Centro catalogador/agencia de origen |
mxchpua |
| 090 ## - LOCALMENTE ASIGNADO TIPO-LC NÚMERO DE CLASIFICACIÓN (OCLC); NÚMERO DE CLASIFICACIÓN LOCAL (RLIN) |
| Número de clasificación (OCLC) (R) ; Numero de clasificación, CALL (RLIN) (NR) |
T.C.907 |
| Número cutter local (OCLC) ; Número de libro/Signatura topográfica íntegra, CALL (RLIN) |
Y35 IA |
| Año |
2023 |
| 245 10 - MENCIÓN DE TÍTULO |
| Título |
Revisión bibliográfica de cuatro sistemas – producto y estudio de empresas agroindustriales en los estados de Tlaxcala, Puebla, Veracruz y Tabasco / |
| Mención de responsabilidad, etc. |
coordinadora Ma. Carmen Ybarra Moncada ; colaboradores Guadalupe Lizbeth Alarcón Beltrán...[y otros] |
| 260 ## - PUBLICACIÓN, DISTRIBUCIÓN, ETC. |
| Lugar de publicación, distribución, etc. |
México : |
| Nombre del editor, distribuidor, etc. |
El autor, |
| Fecha de publicación, distribución, etc. |
2023 |
| 300 ## - DESCRIPCIÓN FÍSICA |
| Extensión |
1 recurso en línea (313 páginas) : |
| Otras características físicas |
ilustraciones, mapas, gráficas, diagramas, tablas, fotos |
| 336 ## - TIPO DE CONTENIDO |
| Fuente |
rdacontent |
| Término de tipo de contenido |
texto |
| Código de tipo de contenido |
txt |
| 337 ## - TIPO DE MEDIO |
| Fuente |
rdamedia |
| Nombre/término del tipo de medio |
computadora |
| Código del tipo de medio |
c |
| 338 ## - TIPO DE SOPORTE |
| Fuente |
rdacarrier |
| Nombre/término del tipo de soporte |
recurso en línea |
| Código del tipo de soporte |
cr |
| 500 ## - NOTA GENERAL |
| Nota general |
Grado 4° Grupo 3 --<br/>Directorio: páginas 278-279 |
| 502 ## - NOTA DE TESIS |
| Nota de tesis |
Viaje de Estudios |
| Tipo de título |
(IA) -- |
| Nombre de la institución que otorga el título |
UACh. Departamento de Ingeniería Agroindustrial, |
| Año de obtención del título |
2023 |
| 504 ## - NOTA DE BIBLIOGRAFÍA, ETC. |
| Nota de bibliografía, etc. |
Bibliografía: páginas 272-277 |
| 505 0# - NOTA DE CONTENIDO CON FORMATO |
| Nota de contenido con formato |
Visitas: -- |
| Título |
1. Quesomex --<br/>2. Cuatro Volcanes --<br/>3. Casa Rivadeneira --<br/>4. Agro nopal del sureste --<br/>5. Mezcal Monfil --<br/>6. Empacadora CIANCA --<br/>7. Altas Cervezas --<br/>8. Licores Veracruz --<br/>9. Chocolates Don Rutilio --<br/>10. Chocolates Wolter --<br/>11. Quesos Santa Teresita --<br/>12. G8 --<br/>13. Almendra de oro --<br/>14. Plátanos y Tostones --<br/>15. Quesos Balam --<br/>16. Quesos Usumacinta --<br/>17. Quesos San Marquito |
| 650 13 - PUNTO DE ACCESO ADICIONAL DE MATERIA--TÉRMINO DE MATERIA |
| 9 (RLIN) |
148659 |
| Término de materia o nombre geográfico como elemento de entrada |
Industria de los alimentos |
| Subdivisión geográfica |
México |
| 650 13 - PUNTO DE ACCESO ADICIONAL DE MATERIA--TÉRMINO DE MATERIA |
| 9 (RLIN) |
150527 |
| Término de materia o nombre geográfico como elemento de entrada |
Productos del café |
| 650 13 - PUNTO DE ACCESO ADICIONAL DE MATERIA--TÉRMINO DE MATERIA |
| 9 (RLIN) |
148013 |
| Término de materia o nombre geográfico como elemento de entrada |
Alcoholes etílicos |
| 650 13 - PUNTO DE ACCESO ADICIONAL DE MATERIA--TÉRMINO DE MATERIA |
| 9 (RLIN) |
154075 |
| Término de materia o nombre geográfico como elemento de entrada |
Productos derivados del maíz |
| 650 13 - PUNTO DE ACCESO ADICIONAL DE MATERIA--TÉRMINO DE MATERIA |
| 9 (RLIN) |
155310 |
| Término de materia o nombre geográfico como elemento de entrada |
Industria del huevo |
| 650 13 - PUNTO DE ACCESO ADICIONAL DE MATERIA--TÉRMINO DE MATERIA |
| 9 (RLIN) |
148657 |
| Término de materia o nombre geográfico como elemento de entrada |
Food industry |
| Subdivisión geográfica |
Mexico |
| 650 13 - PUNTO DE ACCESO ADICIONAL DE MATERIA--TÉRMINO DE MATERIA |
| 9 (RLIN) |
155323 |
| Término de materia o nombre geográfico como elemento de entrada |
Coffee products |
| 650 13 - PUNTO DE ACCESO ADICIONAL DE MATERIA--TÉRMINO DE MATERIA |
| 9 (RLIN) |
148015 |
| Término de materia o nombre geográfico como elemento de entrada |
Distilled spirits |
| 650 13 - PUNTO DE ACCESO ADICIONAL DE MATERIA--TÉRMINO DE MATERIA |
| 9 (RLIN) |
154074 |
| Término de materia o nombre geográfico como elemento de entrada |
Corn products |
| 650 13 - PUNTO DE ACCESO ADICIONAL DE MATERIA--TÉRMINO DE MATERIA |
| 9 (RLIN) |
155308 |
| Término de materia o nombre geográfico como elemento de entrada |
Egg industry |
| 700 1# - PUNTO DE ACCESO ADICIONAL--NOMBRE DE PERSONA |
| 9 (RLIN) |
163649 |
| Nombre de persona |
Ybarra Moncada, Ma. Carmen |
| Término indicativo de función/relación |
coordinadora |
| 700 1# - PUNTO DE ACCESO ADICIONAL--NOMBRE DE PERSONA |
| 9 (RLIN) |
189132 |
| Nombre de persona |
Alarcón Beltrán, Guadalupe Lizbeth |
| Término indicativo de función/relación |
colaboradora |
| 856 40 - LOCALIZACIÓN Y ACCESO ELECTRÓNICOS |
| Identificador Uniforme del Recurso |
<a href="http://10.13.5.2/ve/TC907_IA/TC907_IA_2023-REPORTE.pdf">http://10.13.5.2/ve/TC907_IA/TC907_IA_2023-REPORTE.pdf</a> |
| Texto de enlace |
DESCARGAR REPORTE |